Great Scots at the Olympics - Statistics

General Stats
  • This quiz has been taken 14 times
  • The average score is 7 of 15
Answer Stats
Clue Scottish medallist % Correct
Tennis player who won the men's 2012 and 2016 Olympic tournaments. Andy Murray
100%
Indoor cyclist who has won the most gold medals of any Scot (6). Chris Hoy
92%
Won the men's 100m gold medal at the 1980 Olympics in Moscow. Alan Wells
77%
Broke the world 400m record at the 1924 games, but refused to run in the 100m for religious reasons because it was a Sunday. Eric Liddell
69%
Bronze medallist behind Ingebrigtsen in the men's 1500m at the 2020 Tokyo event. Josh Kerr
69%
The 200m breaststroke gold medal winner in 1976 in Montreal, he is the only person to have held British, Commonwealth, European, World and Olympic swimming titles at the same time. David Wilkie
62%
Women's 10,000m silver medal winner in Seoul in 1988. Liz McColgan
62%
Swimmer of this millennium who has the most total medals of any Scot (8); only one British person has won more. Duncan Scott
46%
Took silver in the women's 1500m at the postponed 2020 Tokyo games. Laura Muir
46%
Men's 4x100-metre relay silver medallist in Seoul, with Christie, Regis and McFarlane. Elliot Bunney
31%
Triathlete who took the women's bronze medal in the 2024 event in Paris. Beth Potter
23%
Runner who took the bronze medal in Seoul in the 3000m. Yvonne Murray
23%
Won the gold medal in boxing at the 1956 Olympics in Melbourne. Dick McTaggart
0%
Stranraer native who earned a silver medal in the men's team curling at the 2022 Winter games in Beijing. Hammy McMillan Jr.
0%
Women's 4x100-metre relay bronze medallist in Moscow. Linsey MacDonald
0%
No matching quizzes found
Score Distribution
Percent of People with Each Score
Percentile by Number Answered
Your Score History
You have not taken this quiz